000 01055nam a2200277Ia 4500
008 130821s2001 enk gr eng
020 _a198721838
020 _a9780198721826
040 _aCo-BoUCM
_bspa
041 0 0 _aeng
245 0 0 _aOxford readings in Homer's Iliad
_ceditado por Douglas L. Cairns
246 1 0 _aHomer's Iliad
260 _aOxford (Oxfordshire, Inglaterra)
_bOxford University Press
_c2001
300 _axii, 503 páginas
490 0 _a[Oxford readings in classical studies]
504 _aIncluye referencias bibliográficas.
600 1 4 _aHomero
_dCa siglo VIII a. C.
_xCrítica e interpretación, etc.
_9677
650 0 4 _aFilosofía antigua
_xHistoria
_915727
650 0 4 _aLiteratura
_918599
650 0 4 _aPersuasión (Retorica)
_921457
650 0 4 _aPoesía épica griega
_921803
700 1 _aCairns, Douglas L.
_eed.
_9166274
856 4 2 _zTabla de Contenido
_uhttp://www.loc.gov/catdir/enhancements/fy0613/2002280922-t.html
942 _cLIBRO
_a18
_e1
_mO982
_2DEWEY
_h883.02
_n0
999 _c64879
_d64879